| 000 | 01013nam a2200265Ia 4500 | ||
|---|---|---|---|
| 003 | OSt | ||
| 005 | 20221005112033.0 | ||
| 006 | a|||||r|||| 00| 0 | ||
| 007 | ta | ||
| 008 | 221004b |||||||| |||| 00| 0 hin d | ||
| 020 |
_a8177410687 (hbk) _cIndian Rupees 200.00 |
||
| 024 | _a27965 | ||
| 037 |
_bGift, 24/10/2016, _cTextual |
||
| 040 |
_aCRL _cCRL _bhin |
||
| 041 |
_2hin _ahin |
||
| 082 | _aO152,3N256:g(Y), P4 | ||
| 100 | _aराय, अनुकूलचंद | ||
| 245 | 0 | _aअमरकांत के कथा साहित्य में सामाजिक चेतना | |
| 246 | _aAmarakāanta ke kathā sāhitya mean sāmājik chetanā | ||
| 260 |
_aवाराणसी _bसंजय बुक सेंटर भारत _c2004 |
||
| 300 |
_a147पृ0 _ccm. |
||
| 650 | _aहिन्दी साहित्य | ||
| 942 |
_hO152,3N256:g(Y), P4 _cTEXL _2cc |
||
| 999 |
_c1023641 _d1023641 |
||